|
|
|
|
| LEADER |
02024nem a2200433 a 4500 |
| 001 |
001262986 |
| 003 |
CZ BrMZK |
| 005 |
20130628143251.0 |
| 007 |
aj|canzn |
| 008 |
111208s1927 xr ag a 0| cze d |
| 034 |
1 |
|
|a a
|b 25000
|d E0141918
|e E0142939
|f N0505028
|g N0504452
|
| 040 |
|
|
|a BOA001
|b cze
|
| 043 |
|
|
|a e-xr---
|b e-xr-us
|2 czenas
|
| 072 |
|
7 |
|a 551
|x Geologie. Meteorologie. Klimatologie
|2 Konspekt
|9 7
|
| 072 |
|
7 |
|a 912
|x Mapy. Atlasy. Glóby
|2 Konspekt
|9 7
|
| 080 |
|
|
|a 55
|2 MRF
|
| 080 |
|
|
|a (437.315)
|2 MRF
|
| 080 |
|
|
|a (084.3)55
|2 MRF
|
| 080 |
|
|
|a (084.3-21)550.8
|2 MRF
|
| 100 |
1 |
|
|a Hibsch, Josef Emanuel,
|d 1852-1940
|7 jk01041023
|4 ctg
|
| 245 |
1 |
0 |
|a Geologická mapa okolí Č. Kamenice
|h [kartografický dokument] =
|b Geologische Karte der Umgebung von Böhm. Kamnitz /
|c J.E. Hibsch ; ředitel: Cyril Purkyně
|
| 246 |
3 |
1 |
|a Geologische Karte der Umgebung von Böhm. Kamnitz
|
| 255 |
|
|
|a Měřítko 1:25 000
|c (014°19´18" v.d.--014°29´39" v.d./050°50´28" s.š.--050°44´52" s.š.)
|
| 260 |
|
|
|a [Praha] :
|b Nákladem stát. geol. ústavu Československé republiky,
|c 1927
|f (Vojenský zeměpisný ústav v Praze)
|
| 300 |
|
|
|a 1 mapa :
|b barev. ;
|c 41 x 45 cm, na listu 65 x 72, složeno na 33 x 36 cm
|
| 500 |
|
|
|a Obsahuje geologické profily
|
| 500 |
|
|
|a K mapě byla vydána textová příloha "Erläuterungen zur Geologischen Karte der Umgebung von Böhm. Kamnitz"
|
| 546 |
|
|
|a Názvové údaje česky a německy
|
| 562 |
|
|
|a Razítko: Důvěrné
|5 CZ-BrMZK
|
| 650 |
0 |
7 |
|a geologie
|7 ph114622
|2 czenas
|
| 655 |
|
7 |
|a geologické mapy
|7 fd132402
|2 czenas
|
| 655 |
|
7 |
|a geologické profily
|7 fd687867
|2 czenas
|
| 651 |
|
7 |
|a Česká Kamenice (Česko : oblast)
|7 ge117435
|2 czenas
|
| 700 |
1 |
|
|a Purkyně, Cyrill,
|d 1862-1937
|7 jk01101759
|4 oth
|
| 710 |
2 |
|
|a Vojenský zeměpisný ústav (1945-1951)
|7 ko2005263855
|
| 856 |
4 |
1 |
|u http://www.digitalniknihovna.cz/mzk/uuid/uuid:46fd4e84-6211-432b-a026-b7eb048c8a97
|y Digitalizovaný dokument
|
| 910 |
|
|
|a BOA001
|b Mpa-0247.225
|
| 990 |
|
|
|a MP
|
| 991 |
|
|
|b 201211
|